Normal view
MARC view
Entry Topical Term
001 - CONTROL NUMBER
- control field: 60050
003 - CONTROL NUMBER IDENTIFIER
- control field: OSt
005 - DATE AND TIME OF LATEST TRANSACTION
- control field: 20260410143717.0
008 - FIXED-LENGTH DATA ELEMENTS
- fixed length control field: 260410|| aca||aabn | a|a d
040 ## - CATALOGING SOURCE
- Original cataloging agency: OSt
- Transcribing agency: OSt
150 ## - HEADING--TOPICAL TERM
- Topical term or geographic name entry element: Time-use, Women’s work, Infrastructure Unpaid work
670 ## - SOURCE DATA FOUND
- Source citation: Work cat.: (OSt): Sinha, Dipa and Rajeev, Aishwarya 60049, Gendered infrastructure and women’s time-use
